01358 a2200241 4500003000500000005001700005010001300022040000900035082001500044100004900059245005700108260002700165300002600192505027900218600004900497650003100546942002400577999001900601952012400620952012400744952012400868952012400992NUST20221226140302.0 a62018464 cNust a355.02,SLI aSlim, William Joseph Slim, Viscount,9105967 aUnofficial history /cField-Marshal Sir William Slim aLondonbCassellcc1959 a242 p.;billusc24 cm aTigris Bank (Page-1), The Incorrigible Rogue (Page-23), Elizabeth Succeeded Henry (Page-51), Aid to the Civil (Page-73), Students Interlude (Page-99), Counsel of Fears (Page-125), It Pays to Be Bold (Page-149), Persian Pattern (Page-177), Caviar to The General (Page-211).  aSlim, William Joseph Slim, Viscount,9105967 aUnofficial history9105968 2ddccBKk355.02,SLI c185723d185723 00102ddc4070aMCSbMCScGENd2016-12-12o355.02,SLIpMCS21756r2016-12-08w2016-12-12yBKzAlmirah No.52, Shelf No.3 00102ddc4070aMCSbMCScGENd2016-12-12o355.02,SLIpMCS21757r2016-12-08w2016-12-12yBKzAlmirah No.52, Shelf No.3 00102ddc4070aMCSbMCScGENd2016-12-12o355.02,SLIpMCS21760r2016-12-08w2016-12-12yBKzAlmirah No.52, Shelf No.3 00102ddc4070aMCSbMCScGENd2016-12-12o355.02,SLIpMCS21761r2016-12-08w2016-12-12yBKzAlmirah No.73, Shelf No.8